000 01017nam a22002297a 4500
003 OSt
005 20250820151236.0
008 241010b |||||||| |||| 00| 0 eng d
040 _c0
082 _aDPer 613.705 J826 January-December 2020 v. 91 n. 1-9
100 _aHouston-Wilson, Cathy.
_eauthor.
_962741
245 _aA needs assessment for inclusive physical education :
_ba tool for professional development /
_cCathy Houston-Wilson and Lauren J. Lieberman.
260 _aVirginia ;
_bAmerican Alliance for Health ,
_cSeptember 2020.
300 _aVolume 91, pages 43-48 :
_billustration ;
_c28 cm.
500 _aThe Journal of Physical Education Recreation & Dance, vol. 91, no. 7, pages 43-48, September 2020.
650 0 _aAdapted physical education.
_966978
650 0 _aParaprofessional school personnel.
_966979
650 0 _aStudents with disabilities -- Education.
_938299
700 _aHouston-Wilson, Cathy.
_eauthor.
_962741
700 _aLieberman, Lauren J.
_eauthor.
_959923
942 _2ddc
_cPER
999 _c22458
_d22458